Central Library OPAC University of Rajshahi

Separation Axioms in Intuitionistic Fuzzy Topological Spaces / (Record no. 75910)

MARC details
000 -LEADER
fixed length control field 00936ntm a2200265 a 4500
001 - CONTROL NUMBER
control field 75910
003 - CONTROL NUMBER IDENTIFIER
rucl marc code BD-RjUL
005 - DATE AND TIME OF LATEST TRANSACTION
control field 20211209082748.0
008 - FIXED-LENGTH DATA ELEMENTS--GENERAL INFORMATION
fixed length control field 190912s2015 bg a|||| bm|| 00| 0 eng d
035 ## - SYSTEM CONTROL NUMBER
System control number (BD-RjUL)76129
040 ## - CATALOGING SOURCE
Original cataloging agency BD-RjUL
Language of cataloging eng
Transcribing agency BD-RjUL
Modifying agency BD-RjUL
041 ## - LANGUAGE CODE
Language code of text/sound track or separate title eng
082 ## - DEWEY DECIMAL CLASSIFICATION NUMBER
Classification number 514.322
Edition number 23
Author mark and year AHS 2015
100 1# - MAIN ENTRY--PERSONAL NAME
Personal name Ahmed, Estiaq
9 (RLIN) 232880
245 10 - TITLE STATEMENT
Title Separation Axioms in Intuitionistic Fuzzy Topological Spaces /
Statement of responsibility, etc. Submitted by Estiaq Ahmed ;
Linkage Supervisor: Md. Sahadat Hossain
260 ## - PUBLICATION, DISTRIBUTION, ETC. (IMPRINT)
Place of publication, distribution, etc. Rajshahi :
Name of publisher, distributor, etc. Department of Mathematics, University of Rajshahi,
Date of publication, distribution, etc. 2015
300 ## - PHYSICAL DESCRIPTION
Pagination ix, 125 leaves ;
Size 29 cm.
502 ## - DISSERTATION NOTE
Dissertation note Thesis (Ph. D.) -- Department of Mathematics, University of Rajshahi, 2015
504 ## - BIBLIOGRAPHY, ETC. NOTE
Bibliography, etc References: Leaves 109-125
600 ## - SUBJECT ADDED ENTRY--PERSONAL NAME
Dates associated with a name
650 ## - SUBJECT ADDED ENTRY--TOPICAL TERM
Topical term or geographic name as entry element Fuzzy Sets
9 (RLIN) 232882
Topical term or geographic name as entry element Fuzzy topology
9 (RLIN) 232883
700 ## - ADDED ENTRY--PERSONAL NAME
Personal name Hossain, Md. Sahadat, Supervisor
942 ## - ADDED ENTRY ELEMENTS (KOHA)
Source of classification or shelving scheme Dewey Decimal Classification
Koha item type Theses
Holdings
Lost status Source of classification or shelving scheme Damaged status Not for loan Collection code Permanent Location Current Location Shelving location Date acquired Source of acquisition Total Checkouts Full call number Date last seen Copy number Koha item type
  Dewey Decimal Classification   Not For Loan Theses Central Library, University of Rajshahi Central Library, University of Rajshahi Documentation Section 21/07/2016 Controller of Examination Office, R. U.   THE 514.322 AHS 2015 12/09/2019 C-1 Theses